| 000 | 00883nam a2200217Ia 4500 | ||
|---|---|---|---|
| 001 | 4237 | ||
| 003 | GE_BSU | ||
| 008 | 181216s||||||||xx |||||||||||||| ||und|| | ||
| 040 | _cGE_BSU | ||
| 080 | _a69.057.16(075.32) | ||
| 100 | _aБаранов,Л.А. Стерлин,С.Л. Эйдельнант,Л.Б. | ||
| 245 | _aТехника безопасности при монтаже технологического оборудования и трубопроводов. | ||
| 245 | _cред. из-тво Л.Н.ЗворЫкина. | ||
| 250 | _aизд. 2-е, переработнное. | ||
| 260 | _aМ. | ||
| 260 | _bСтроительства. | ||
| 260 | _c1972. | ||
| 300 | _a288стр. 22см. | ||
| 653 | _aТехника безопасности при монтаже технологического оборудования и трубопроводов. | ||
| 942 | _cBK | ||
| 999 |
_c38247 _d38247 |
||